Statistics for Biggest Baltic Sea Cities With an Empty Map

Click here to take the quiz!

General Stats

  • This quiz has been taken 360 times
  • The average score is 13 of 18

Answers on the Map

Answers color-coded by a green-red scale on the quiz's map according to % correct below.
 

Answer Stats

PopCities% Correct
2,36 mStockholm
99%
1,07 mRiga
98%
1,50 mHelsinki
97%
2,06 mCopenhagen
96%
0,44 mTallinn
96%
5,35 mSaint Petersburg
91%
1,08 mGdańsk
90%
0,73 mMalmö
86%
1,03 mGothenburg
76%
0,34 mAarhus
65%
0,48 mKaliningrad
64%
0,19 mTurku
63%
0,64 mKiel
60%
0,20 mOulu
57%
0,21 mKlaipėda
55%
0,21 mRostock
54%
0,22 mLübeck
43%
0,11 mHelsingborg
21%

Score Distribution

Percentile by Number Answered

Percent of People with Each Score

Your Score History

You have not taken this quiz